| 000 | 00996nam a22002417a 4500 | ||
|---|---|---|---|
| 999 |
_c7115 _d7115 |
||
| 003 | AR-CdUCM | ||
| 008 | 190319b ||||| |||| 00| 0 spa d | ||
| 040 |
_aMUNICIPALIDAD PROVINCIAL DEL CUSCO _cBIBLIOTECA MUNICIPAL DEL CUSCO |
||
| 041 | _heng. | ||
| 082 |
_a510 / _bT25 |
||
| 100 |
_aNational Council of Teachers of Mathematics _920050 |
||
| 245 | _aGráficas, relaciones y funciones / | ||
| 260 |
_aMéxico : _bEdit. F. Trillas, _c1970. |
||
| 300 |
_a109 paginas ; _bIlustraciones,diagramas, _c23 cm. |
||
| 440 |
_aTemas de Matemáticas _920051 |
||
| 505 | _aContenido :Proposiciones abiertas en una variable --Proposiciones abiertas en dos variables --Relaciones --Relaciones de equivalencia --Relaciones de un conjunto en otro --Funciones --Problemas en que aparecen funciones / | ||
| 650 |
_aMatemáticas _99398 |
||
| 650 |
_aFunciones _920052 |
||
| 650 |
_aAnálisis matemático _920053 |
||
| 700 |
_aFederico Velasco Coba (traductor) _919607 |
||
| 942 |
_2ddc _cLIBROS |
||
| 945 | _arjall | ||